| 000 | 00614nam a22002057a 4500 | ||
|---|---|---|---|
| 005 | 20251108165018.0 | ||
| 008 | 250721s1996 xx 000 0 ara d | ||
| 082 | 1 | 4 | _a537.076/كوف |
| 100 | 1 | _aالكوفحي، محمود مجلي | |
| 245 | 1 | 0 | _aالكهرباء و المغناطيسية / |
| 250 | _aط3. | ||
| 264 | 1 |
_aإربد : _bدار الأمل، _c1996. |
|
| 300 | _a367ص | ||
| 490 | 0 | _aمبادئ الفيزياء الجامعية | |
| 650 | 1 | 7 | _aالكهرباء |
| 650 | 1 | 7 | _aالمغنطيسية |
| 700 | 1 | _aغيث، عبد السلام يعقوب | |
| 942 |
_2ddc _cBK |
||
| 999 |
_c19840 _d19840 |
||